The law of auctions (Record no. 114187)

MARC details
000 -LEADER
fixed length control field 00711cam a22001935a 4500
001 - CONTROL NUMBER
control field L156330
008 - FIXED-LENGTH DATA ELEMENTS--GENERAL INFORMATION
fixed length control field 120514s1818 xxk f 000 0 eng d
035 ## - SYSTEM CONTROL NUMBER
System control number (Sirsi) u156330
041 0# - LANGUAGE CODE
Language code of text/sound track or separate title eng
100 1# - MAIN ENTRY--PERSONAL NAME
Personal name Williams, T.
245 04 - TITLE STATEMENT
Title The law of auctions
Remainder of title or, The auctioneer's practical guide; to which is added a comprehensive summary of the law of distress; with an appendix of precedents, and a copious index
Statement of responsibility, etc. by T. Williams
250 ## - EDITION STATEMENT
Edition statement Second edition
260 ## - PUBLICATION, DISTRIBUTION, ETC.
Place of publication, distribution, etc. London
Name of publisher, distributor, etc. Printed for Sherwood, Neely, and Jones
Date of publication, distribution, etc. 1818
300 ## - PHYSICAL DESCRIPTION
Extent xii, 190 p.
Dimensions 18 cm.
583 ## - ACTION NOTE
Action Condition reviewed
Time/date of action 20120620
Status condition level 2
651 #4 - SUBJECT ADDED ENTRY--GEOGRAPHIC NAME
Geographic name Great Britain
Chronological subdivision 1707-
690 ## - LOCAL SUBJECT ADDED ENTRY--TOPICAL TERM (OCLC, RLIN)
Topical term or geographic name as entry element Auctioneering
9 (RLIN) 6218
942 ## - ADDED ENTRY ELEMENTS (KOHA)
Suppress in OPAC 0
Holdings
Withdrawn status Lost status Source of classification or shelving scheme Damaged status Not for loan Home library Current library Shelving location Date acquired Total Checkouts Full call number Barcode Date last seen Copy number Price effective from Koha item type
    Dewey Decimal Classification     Historic collection Historic collection Historic collection 14/05/2012   OCTAVO 1818 WILLIAMS 30076760 06/08/2019 1 06/08/2019 Book